[Event "3rd Open"]
[Site "Kolkata IND"]
[Date "2008.03.24"]
[Round "1"]
[White "Rahman,Tai"]
[Black "Sasikiran,K"]
[Result "0-1"]
[WhiteElo "2325"]
[BlackElo "2677"]

1.d4 Nf6 2.c4 e6 3.Nf3 b6 4.g3 Ba6 5.Qa4 Be7 6.Bg2 O-O 7.Ne5 c6 8.O-O b5
9.cxb5 cxb5 10.Qb3 d5 11.Bd2 Nfd7 12.Nxd7 Qxd7 13.Bb4 Bxb4 14.Qxb4 Nc6 15.Qd2 b4
16.b3 Rfc8 17.a3 Na5 18.Qb2 Bxe2 19.Re1 Bd3 20.axb4 Rc2 21.Qa3 Nc6 22.Rd1 Bb5
23.Ra2 Rxa2 24.Qxa2 Qd6 25.Nc3 Qxb4 26.Nxb5 Qxb5 27.Bf1 Qb6 28.Qa4 Rb8 29.Be2 g6
30.Kg2 Kg7 31.h4 h5 32.g4 hxg4 33.Bxg4 Rh8 34.Kg3 a5 35.Be2 Qc7+ 36.f4 Ne7  0-1

[Event "3rd Open"]
[Site "Kolkata IND"]
[Date "2008.03.27"]
[Round "4"]
[White "Sasikiran,K"]
[Black "Satyapragyan,S"]
[Result "1-0"]
[WhiteElo "2677"]
[BlackElo "2406"]

1.d4 Nf6 2.c4 e6 3.Nf3 d5 4.g3 Bb4+ 5.Bd2 Be7 6.Bg2 O-O 7.O-O c6 8.Qb3 b6
9.Nc3 Bb7 10.a4 Nbd7 11.a5 Ba6 12.cxd5 cxd5 13.axb6 Qxb6 14.Qa4 Bb7 15.Ne5 Rfd8
16.Nd1 Qd6 17.Nd3 Qc6 18.Nc3 Qxa4 19.Nxa4 Ba6 20.Rfc1 Bb5 21.Nac5 a6 22.Bf1 Rdc8
23.b4 Nb6 24.e3 Nc4 25.Be1 Bd6 26.Ra2 Ne8 27.Rca1 Nc7 28.Nb7 Be7 29.Ndc5 Rab8
30.Na5 Nxa5 31.Rxa5 Bxf1 32.Kxf1 g6 33.Rc1 Rd8 34.Ke2 Kf8 35.f3 Bd6 36.g4 h6
37.Nd3 Rb6 38.Bg3 Nb5 39.Nc5 Bxg3 40.hxg3 Rdd6 41.Nd3 Kg7 42.Raa1 Na7 43.Rc7 Nc6
44.Rc1 Kf8 45.f4 Kg7 46.g5 h5 47.Kf3 Kf8 48.Rc8+ Ke7 49.Rc7+ Ke8 50.g4 hxg4+
51.Kxg4 Kf8 52.Kf3 Kg7 53.Rc8 Ne7 54.Re8 Rd7 55.Rh1 Ng8 56.Rc8 Rdb7 57.Rhc1 Ne7
58.R8c7 Kf8 59.Ne5 Rxb4 60.Nd7+ Kg7 61.Nf6 a5 62.Rxe7  1-0

[Event "Najdorf Memorial A"]
[Site "Warsaw POL"]
[Date "2008.08.02"]
[Round "1"]
[White "Sasikiran,K"]
[Black "Olszewski,Mi"]
[Result "1-0"]
[WhiteElo "2684"]
[BlackElo "2458"]

1.d4 Nf6 2.c4 e6 3.Nc3 Bb4 4.e3 O-O 5.Bd3 b6 6.Ne2 Bb7 7.a3 Bxc3+ 8.Nxc3 d5
9.cxd5 exd5 10.O-O Ba6 11.Bxa6 Nxa6 12.Qd3 Nb8 13.f3 Nbd7 14.Bd2 Re8 15.Be1 c5
16.Bg3 a6 17.Rfe1 b5 18.dxc5 Nxc5 19.Qf5 Qb6 20.Rad1 Qe6 21.Qb1 Rac8 22.Bf2 h6
23.Ne2 Qb6 24.Nf4 Qb7 25.Qf5 Na4 26.Bh4 Rc6 27.Nxd5 Nxd5 28.Rxd5 g6 29.Qb1 Rc4
30.e4 Nb6 31.Rd2 Rc6 32.b3 Nd7 33.Red1 Nf8 34.Qb2 b4 35.h3 g5 36.Bf2 bxa3
37.Qxa3 Ne6 38.Rd7 Qb5 39.R7d5 Qb7 40.Rd6 Rb8 41.R6d3 Rc2 42.Qd6 Qb5 43.Qe7 Rc1
44.Rxc1 Qxd3 45.Bg3 Qd4+ 46.Kh2 Rxb3 47.h4 gxh4 48.Qxh4 Kh7 49.Qg4 Rb5 50.Bf4 Ng7
51.Rc6 Rh5+ 52.Qxh5 Nxh5 53.Rxh6+ Kg7 54.Rxh5 f6 55.Rd5 Qb4 56.Bc7 Kg6 57.Ba5 Qb8+
58.Kg1 Qb3 59.Rf5 Qe3+ 60.Kh2 Qf2 61.Bc3 Qe3 62.Rxf6+ Kg5 63.Rf5+ Kg6 64.Ba5 Qa3
65.Kg3 Qd6+ 66.Kh3 Qd1 67.Rd5 Qf1 68.Kg3 Kf7 69.Rf5+ Ke6 70.Kh2 Qe2 71.Bc3 Qe3
72.Ba5 Qe2 73.Kh3 Qf1 74.Rd5 Qe2 75.Bc7 Ke7 76.Bf4 Qe1 77.Bd2 Qe2 78.Bb4+ Ke8
79.Rf5 Qe3 80.g4 Qb6 81.Ba5 Qg1 82.g5 Ke7 83.Kh4 Qa1 84.Bb4+ Ke6 85.Kh5 Qh8+
86.Kg4 Qa1 87.Ba5 Qf1 88.Kh5 Qg2 89.Kg6 Kd7 90.Bc3 Qc2 91.Bf6 Qg2 92.Kf7  1-0

[Event "1st WMSG Blitz Pair"]
[Site "Beijing CHN"]
[Date "2008.10.08"]
[Round "2"]
[White "Sasikiran,K"]
[Black "Pruess,D"]
[Result "0-1"]
[WhiteElo "2694"]
[BlackElo "2422"]

1.d4 Nf6 2.c4 c5 3.d5 b5 4.Nd2 bxc4 5.e4 e6 6.dxe6 dxe6 7.Bxc4 Bb7 8.Qe2 Nbd7
9.Ngf3 Qc7 10.b3 Bd6 11.Bb2 Ne5 12.Bb5+ Ke7 13.Rc1 Nxf3+ 14.gxf3 Bf4 15.Ba3 Rac8
16.Bxc5+ Qxc5 17.Rxc5 Rxc5 18.Bc4  0-1

[Event "1st WMSG Rapid Pair"]
[Site "Beijing CHN"]
[Date "2008.10.11"]
[Round "9"]
[White "Sasikiran,K"]
[Black "Pruess,D"]
[Result "1-0"]
[WhiteElo "2694"]
[BlackElo "2422"]

1.d4 Nf6 2.c4 c5 3.Nf3 cxd4 4.Nxd4 e6 5.Nc3 a6 6.e4 d6 7.g4 h6 8.Bg2 Qc7
9.Be3 Bd7 10.Rc1 Nc6 11.h3 Ne5 12.b3 g5 13.f4 gxf4 14.Bxf4 Qa5 15.O-O Be7
16.Qd2 b5 17.c5 Rc8 18.cxd6 Bxd6 19.Nd5 Qd8 20.Rxc8 Bxc8 21.Bxe5  1-0

[Event "1st WMSG Blitz Team"]
[Site "Beijing CHN"]
[Date "2008.10.13"]
[Round "2"]
[White "Erdogdu,M"]
[Black "Sasikiran,K"]
[Result "0-1"]
[WhiteElo "2449"]
[BlackElo "2694"]

1.e4 c5 2.Nf3 d6 3.d4 cxd4 4.Nxd4 Nf6 5.Nc3 a6 6.Be3 e6 7.f3 b5 8.Qd2 b4
9.Na4 Nbd7 10.O-O-O Qa5 11.b3 Bb7 12.Kb1 Be7 13.g4 Nc5 14.Nxc5 dxc5 15.Ne2 Rd8
16.Qe1 Rxd1+ 17.Qxd1 c4 18.Nf4 c3 19.g5 Nd7 20.h4 Ne5 21.Be2 O-O 22.Nd3 Rd8
23.Qc1 Nxd3 24.Bxd3 Bc5 25.Bf4 Qb6 26.h5 a5 27.g6 hxg6 28.hxg6 fxg6 29.Qf1 Kf7
30.Bc4 Be3 31.Bxe3 Qxe3 32.Qh3 Bc8 33.a4 Rd4 34.Qg3 Bd7 35.Rg1 g5 36.Rf1 Rxc4
37.bxc4 b3 38.cxb3 Qd3+ 39.Ka1 Qxf1+ 40.Ka2 Qe2+  0-1

[Event "1st WMSG Blitz Team"]
[Site "Beijing CHN"]
[Date "2008.10.13"]
[Round "8"]
[White "Sasikiran,K"]
[Black "Nguyen Ngoc Truong Son"]
[Result "1/2-1/2"]
[WhiteElo "2694"]
[BlackElo "2567"]

1.d4 Nf6 2.Nf3 d5 3.c4 c6 4.Nc3 a6 5.g3 e6 6.cxd5 cxd5 7.Bg2 Nc6 8.O-O Be7
9.Bf4 O-O 10.Rc1 Bd7 11.Ne5 Be8 12.Qd2 Rc8 13.Rfd1 b5 14.Nxc6 Bxc6 15.a3 b4
16.axb4 Bxb4 17.Qd3 Qb6 18.Bg5 Be7 19.Rc2 h6 20.Bf4 Bd7 21.Rdc1 Rc4 22.e4 Rxd4
23.Qe2 Bb5 24.Nxb5 Qxb5 25.Qxb5 axb5 26.Be5 Rb4 27.Bxf6 Bxf6 28.exd5 exd5
29.Bxd5 Rxb2 30.Rxb2 Bxb2 31.Rb1 Rd8 32.Bc6  1/2-1/2

[Event "38th Olympiad"]
[Site "Dresden GER"]
[Date "2008.11.23"]
[Round "10"]
[White "Navara,D"]
[Black "Sasikiran,K"]
[Result "1/2-1/2"]
[WhiteElo "2633"]
[BlackElo "2694"]

1.e4 c5 2.Nc3 a6 3.Nge2 Nf6 4.g3 d6 5.Bg2 g6 6.d4 Nbd7 7.dxc5 Nxc5 8.Be3 Ncd7
9.O-O Ng4 10.Bc1 Bg7 11.h3 Ngf6 12.Be3 O-O 13.g4 Ne8 14.Qd2 b5 15.a4 b4 16.Nd5 e6
17.Bg5 f6 18.Be3 a5 19.Ndf4 Ne5 20.b3 Ra6 21.Nd4 Nc7 22.Rad1 Nf7 23.Nb5 Re8
24.Qe2 e5 25.Nxc7 Qxc7 26.Nd5 Qb7 27.Qf3 Kh8 28.Nxf6 Rf8 29.Nd5 Nd8 30.Qg3 Rc6
31.f4 exf4 32.Bxf4 Nf7 33.Ne3 Qb6 34.g5 Rc3 35.Rf2 Be6 36.Bf1 Kg8 37.Kg2 Re8
38.Bd3 Bd4 39.Rdf1 Bxb3 40.Ng4 Be6 41.Be3 Bxe3 42.Rxf7 Bxg5 43.Nf6+ Bxf6
44.Rxh7 Kxh7 45.Rxf6 Bf5 46.Qh4+ Kg7 47.exf5 Qc6+ 48.Kg1 Qc5+ 49.Kf1 Re1+
50.Qxe1 Kxf6 51.Qe6+ Kg5 52.Qe7+ Kf4 53.Qe4+ Kg5 54.Qe7+ Kf4 55.Qe4+ Kg5
56.h4+ Kh6 57.Qe6 Kh5 58.Qe7 Kg4 59.fxg6 Rxd3 60.Qe4+ Kh5 61.Qxd3 Kh6 62.Qe4 d5
63.Qd3 Qc4 64.Ke2 Qg4+ 65.Kd2 d4 66.Kc1 Qxh4 67.Kb2 Qf6 68.Kb3 Qe6+ 69.Kb2 Qe3
70.Qb5 Qc3+ 71.Kb1 Qe1+ 72.Kb2 Qc3+ 73.Kb1 Qe1+ 74.Kb2 Qc3+ 75.Kb1  1/2-1/2

[Event "Najdorf Mem GMA"]
[Site "Warsaw POL"]
[Date "2009.07.21"]
[Round "4"]
[White "Olszewski,Mi"]
[Black "Sasikiran,K"]
[Result "0-1"]
[WhiteElo "2559"]
[BlackElo "2669"]

1.d4 Nf6 2.c4 g6 3.Nc3 d5 4.Bf4 Bg7 5.e3 c5 6.dxc5 Qa5 7.Rc1 dxc4 8.Bxc4 O-O
9.Ne2 Qxc5 10.Qb3 Nc6 11.Nb5 Qh5 12.Ng3 Qh4 13.Nc7 e5 14.Bg5 Qxg5 15.h4 Qg4
16.Nxa8 Qd7 17.Rd1 Qe7 18.Qa3 Nb4 19.O-O b5 20.Be2 Bb7 21.Nc7 a6 22.Rc1 Rc8
23.Qb3 e4 24.a3 Nc6 25.Rxc6 Bxc6 26.Nxa6 Bf8 27.Rd1 Qe5 28.Rd2 h5 29.Nb4 Bb7
30.Rc2 Bc5 31.Bxb5 Ng4 32.Nf1 Bxb4 33.Rxc8+ Bxc8 34.Qxb4 Qf5 35.f3 exf3 36.gxf3 Ne5
37.f4 Qg4+ 38.Kf2 Qxh4+ 39.Ke2 Bg4+ 40.Kd2 Qd8+ 41.Kc3 Qc7+ 42.Kd4 Nf3+ 43.Kd5 Be6+
44.Ke4 Ne1 45.Qxe1 Qb7+ 46.Kd4 Qxb5 47.Qc1 Qd5+ 48.Kc3 h4 49.b4 h3 50.Qb1 Bf5
51.Qc1 Qd3+ 52.Kb2 Be6 53.Qa1 Bc4  0-1

[Event "16th ORDIX Open"]
[Site "Mainz GER"]
[Date "2009.08.02"]
[Round "10"]
[White "Sasikiran,K"]
[Black "Bacrot,E"]
[Result "0-1"]
[WhiteElo "2669"]
[BlackElo "2721"]

1.d4 Nf6 2.c4 e6 3.Nc3 c5 4.d5 exd5 5.cxd5 d6 6.e4 g6 7.f4 Bg7 8.Bb5+ Nfd7
9.a4 O-O 10.Nf3 Na6 11.O-O Nb4 12.h3 a6 13.Bc4 Re8 14.Re1 Rb8 15.Be3 b5 16.axb5 axb5
17.Bf1 Nf6 18.Bf2 c4 19.Qd2 Nd3 20.Bxd3 cxd3 21.Qxd3 b4 22.Nb5 Rxe4 23.Nbd4 Bf5
24.Nxf5 gxf5 25.Nd2 Rxe1+ 26.Rxe1 Qa5 27.Qxf5 Qxd5 28.Qc2 Nh5 29.g3 b3 30.Qc7 Rf8
31.Nc4 Bd4 32.Ne3 Qf3 33.Qe7 Nxg3 34.Qg5+ Kh8 35.Qd5 Qxf4 36.Kg2 Rg8 37.Ng4 Bxf2
38.Re7 Bd4 39.Qxb3 Nf5  0-1

[Event "Inventi GM"]
[Site "Antwerp BEL"]
[Date "2009.09.18"]
[Round "1"]
[White "Michiels,B"]
[Black "Sasikiran,K"]
[Result "1/2-1/2"]
[WhiteElo "2462"]
[BlackElo "2661"]

1.e4 e5 2.Nf3 Nc6 3.Nc3 Nf6 4.Bb5 Bb4 5.O-O O-O 6.Bxc6 dxc6 7.Nxe5 Re8 8.Nd3 Bxc3
9.dxc3 Nxe4 10.Bf4 Bf5 11.Re1 Nd6 12.Qf3 Qf6 13.a4 h6 14.h3 Bg6 15.Qg3 Ne4
16.Qh2 Nd6 17.Rad1 Bxd3 18.cxd3 Re6 19.Bxd6 cxd6 20.Re3 Rae8 21.Rde1 Qg5
22.Kh1 Rxe3 23.Rxe3 Re5 24.d4 Rxe3 25.fxe3 Qf6 26.Qf4 Qxf4 27.exf4 Kh7 28.Kg1 Kg6
29.Kf2 h5 30.Kf3 Kf6 31.g4 hxg4+ 32.hxg4 d5 33.b3 b5  1/2-1/2

[Event "Inventi GM"]
[Site "Antwerp BEL"]
[Date "2009.09.19"]
[Round "2"]
[White "Sasikiran,K"]
[Black "Muzychuk,A"]
[Result "1-0"]
[WhiteElo "2661"]
[BlackElo "2533"]

1.d4 f5 2.g3 Nf6 3.Bg2 g6 4.Nf3 Bg7 5.O-O O-O 6.b3 d6 7.Bb2 e6 8.c4 Qe7 9.Nc3 c6
10.Ba3 c5 11.b4 Ne4 12.Rc1 cxb4 13.Bxb4 Nc6 14.Ba3 Nxc3 15.Rxc3 Rd8 16.Re3 Bh6
17.Rd3 Na5 18.Qc2 Qc7 19.Rc3 Bd7 20.e4 Rac8 21.exf5 exf5 22.Bc1 f4 23.c5 dxc5
24.Rxc5 Qd6 25.Ba3 Qf6 26.Ne5 Be6 27.Re1 Bf8 28.Rxc8 Rxc8 29.Qa4 fxg3 30.hxg3 Bxa3
31.Qxa3 Rf8 32.f4 Qd8 33.d5 Bxd5 34.Rd1 Qb6+ 35.Kh2 Bxg2 36.Nd7 Qd8 37.Qxf8+ Qxf8
38.Nxf8 Bc6 39.Rd8 Kg7 40.Ne6+ Kf6 41.Nd4 Be4 42.Rd6+ Kf7 43.Rd7+  1-0

[Event "Inventi GM"]
[Site "Antwerp BEL"]
[Date "2009.09.20"]
[Round "3"]
[White "Bacrot,E"]
[Black "Sasikiran,K"]
[Result "1/2-1/2"]
[WhiteElo "2709"]
[BlackElo "2661"]

1.e4 c5 2.Nf3 d6 3.d4 cxd4 4.Nxd4 Nf6 5.Nc3 a6 6.Bc4 e6 7.Bb3 b5 8.Bg5 b4
9.Na4 Nbd7 10.f4 Qa5 11.O-O Nxe4 12.Bh4 Ndf6 13.f5 e5 14.Bxf6 Nxf6 15.Qf3 e4
16.Qg3 Bd7 17.a3 bxa3 18.Rfd1 axb2 19.Nxb2 Qe5 20.Nc4 Qxg3 21.hxg3 d5 22.Nb6 Ra7
23.Nxd5 Nxd5 24.Bxd5 Bc5 25.Bxe4 Ke7 26.Kh2 Rc8 27.Ra5 Bb4 28.Re5+ Kf6 29.Rd5 Be8
30.Ne2 Bc6 31.R5d4 Bc5 32.Bxc6 Rxc6 33.Rd5 Be3 34.R1d3 Re7 35.Nc3 Ba7  1/2-1/2

[Event "Inventi GM"]
[Site "Antwerp BEL"]
[Date "2009.09.22"]
[Round "5"]
[White "Socko,B"]
[Black "Sasikiran,K"]
[Result "1-0"]
[WhiteElo "2637"]
[BlackElo "2661"]

1.e4 c5 2.Nf3 d6 3.d4 cxd4 4.Nxd4 Nf6 5.Nc3 a6 6.Be3 e6 7.f3 b5 8.Qd2 b4
9.Na4 Nbd7 10.Bc4 Ne5 11.Bb3 Bd7 12.Qxb4 d5 13.Qd2 dxe4 14.O-O-O Rc8 15.Qe2 Qa5
16.Bd2 Bb4 17.Bxb4 Qxb4 18.Nc3 Rxc3 19.bxc3 Qa3+ 20.Kb1 O-O 21.fxe4 Rb8 22.Ka1 h6
23.Rhe1 a5 24.Nf3 Bb5 25.Qd2 Nc4 26.Qc1 Qc5 27.Nd4 Ba6 28.Bxc4 Qxc4 29.Qa3 Qc7
30.Nf3 Bb7 31.Rd4 e5 32.Ra4 Ra8 33.Nd2 Rd8 34.Nb1 Ra8 35.Qb3 Ba6 36.Rd1 Kh7
37.g3 Be2 38.Re1 Ba6 39.h3 Kg8 40.Rd1 Be2 41.Re1 Ba6 42.Ra3 Bc4 43.Qa4 Nd7
44.Rb3 Be6 45.h4 Nc5 46.Qb5 Bd7 47.Qe2 Be6 48.Qe3 Rc8 49.Rb5 Bc4 50.Rb3 Be6
51.Qf3 Qc6 52.Re3 Qa4 53.Kb2 Rd8 54.Qe2 Bc4 55.Qe1 Be6 56.Qe2 Bc4 57.Qf3 Qd7
58.Re1 Qc6 59.Qe3 Be6 60.Ka1 Rc8 61.Qe2 Nxb3+ 62.cxb3 a4 63.b4 Rd8 64.Qc2 Bc4
65.Re3 Rd6 66.Nd2 Be6 67.Rd3 a3 68.Rxd6 Qxd6 69.Nb1 Qa6 70.Qd2 Kh7 71.Qc1 Qe2
72.Qxa3 Qxe4 73.b5 f5 74.b6 Bd5 75.Qb4 Qh1 76.a4 f4 77.gxf4 exf4 78.a5 Qg2
79.c4 Bb7 80.Qb5 f3 81.a6 Be4 82.b7 f2 83.Nd2 Qg1+ 84.Ka2 Qe1 85.Qb2 Bd3
86.b8=Q f1=Q 87.Nxf1 Bxc4+ 88.Q8b3 Qxf1 89.Qc2+  1-0

[Event "Inventi GM"]
[Site "Antwerp BEL"]
[Date "2009.09.24"]
[Round "7"]
[White "Howell,D"]
[Black "Sasikiran,K"]
[Result "1/2-1/2"]
[WhiteElo "2624"]
[BlackElo "2661"]

1.e4 c5 2.c3 d5 3.exd5 Qxd5 4.d4 Nf6 5.Nf3 Bg4 6.dxc5 Qxc5 7.Na3 a6 8.Be3 Qc7
9.h3 Bxf3 10.Qxf3 e6 11.Nc2 Nd5 12.Bd2 Nc6 13.O-O-O O-O-O 14.Be2 Bc5 15.g3 Rd7
16.Ne3 Nb6 17.Kb1 f5 18.Bc1 Rhd8 19.Rxd7 Rxd7 20.Rd1 g6 21.Rxd7 Nxd7 22.Qh1 Nf6
23.Bd3 Qd7 24.Bc2 Ne5 25.Qf1 Qc6 26.Nd1 Nf3 27.Qc4 Qd5 28.Qe2 Ng1 29.Qf1 Nf3
30.Qe2 Ng1 31.Qe1 Nf3  1/2-1/2

[Event "3rd Asian Indoor Team Rapid Prelim"]
[Site "Ha Long City VIE"]
[Date "2009.11.05"]
[Round "2"]
[White "Kazhgaleyev,M"]
[Black "Sasikiran,K"]
[Result "0-1"]
[WhiteElo "2653"]
[BlackElo "2664"]

1.e4 c5 2.c3 d5 3.exd5 Qxd5 4.d4 Nf6 5.Nf3 e6 6.Na3 a6 7.Nc4 Nbd7 8.Ne3 Qc6
9.Bd3 b6 10.O-O Bb7 11.Ne5 Qc7 12.Re1 Be7 13.N3g4 h5 14.Nxf6+ gxf6 15.Nxd7 Qxd7
16.Be4 O-O-O 17.Qb3 Bxe4 18.Rxe4 Qd5 19.Qc2 Rhg8 20.g3 f5 21.Re5 Qb7 22.dxc5 Bxc5
23.Bf4 Bd6 24.Qe2 Bxe5 25.Bxe5 Rg4 26.f3 Ra4 27.c4 Ra5 28.Bf6 Rd7 29.Rc1 Rxa2
30.c5 bxc5 31.Rxc5+ Rc7 32.Qd1 Qb6 33.b4 Rxc5 34.bxc5 Qxc5+ 35.Kh1 Qd5 36.Qc1+ Kd7
37.Qf1 Rd2  0-1

[Event "Tata Steel TCh-Asia"]
[Site "Kolkata IND"]
[Date "2009.12.25"]
[Round "4"]
[White "Sasikiran,K"]
[Black "Nguyen Ngoc Truong Son"]
[Result "1-0"]
[WhiteElo "2664"]
[BlackElo "2616"]

1.d4 d5 2.c4 c6 3.Nf3 Nf6 4.Nc3 dxc4 5.a4 Bf5 6.e3 e6 7.Bxc4 Bb4 8.O-O O-O
9.Qe2 Bg6 10.Ne5 Nbd7 11.Nxg6 hxg6 12.Rd1 Qa5 13.e4 Qh5 14.f3 Nb6 15.Bb3 c5
16.Na2 Ba5 17.Qb5 c4 18.Bc2 Qxb5 19.axb5 a6 20.bxa6 Rxa6 21.Rb1 Nbd7 22.Nc3 Rfa8
23.Kf1 Bb4 24.Bd2 Ne8 25.Ke2 Nd6 26.Bf4 Ra5 27.g4 Nb5 28.Nxb5 Rxb5 29.Ra1 Rba5
30.Rxa5 Rxa5 31.Bd2 Ra2 32.Bxb4 Rxb2 33.Kd2 Rxb4 34.Kc3 Rb6 35.Ba4 Nb8 36.d5 exd5
37.exd5 Rf6 38.Rd4 Rxf3+ 39.Kxc4 g5 40.d6 Rf2 41.h3 Kf8 42.d7 Nxd7 43.Rxd7 g6
44.Rd3 Kg7 45.Kd5 Rf4 46.Bd1 Rf1 47.Bb3 Rf4 48.Ke5 b5 49.Rd7 b4 50.Rb7 Rf3
51.Bd5 Rf4 52.Kd6 Kf8 53.Kc5 Kg7 54.Rxb4 Rf1 55.Rb7 Kf8 56.Kd6 Rf6+ 57.Ke5 Rf1
58.Rb3 Ke7 59.Rf3 Re1+ 60.Kd4 Rd1+ 61.Kc5 Rc1+ 62.Bc4 f5 63.gxf5 gxf5 64.Rxf5 Rc3
65.Rf7+  1-0

[Event "Tata Steel TCh-Asia"]
[Site "Kolkata IND"]
[Date "2009.12.26"]
[Round "5"]
[White "Moradiabadi,E"]
[Black "Sasikiran,K"]
[Result "1/2-1/2"]
[WhiteElo "2560"]
[BlackElo "2664"]

1.Nf3 Nf6 2.c4 g6 3.Nc3 Bg7 4.e4 d6 5.d4 O-O 6.Be2 e5 7.O-O Nc6 8.d5 Ne7
9.b4 Nh5 10.Re1 a5 11.bxa5 Rxa5 12.a4 c5 13.Ra3 Nf6 14.Nd2 Ra6 15.Nf1 Ne8
16.Ng3 f5 17.exf5 Nxf5 18.Nce4 Nd4 19.Bg5 Nf6 20.h4 Qe8 21.Bd3 Nxe4 22.Bxe4 Rb6
23.Qc1 Rb4 24.a5 Qf7 25.f3 Bf6 26.Bd3 Bxg5 27.Qxg5 Rb2 28.Rf1 Bh3 29.Rf2 Nxf3+
30.gxf3 Rxf2 31.Kxf2 Qxf3+ 32.Ke1 Bg4 33.Be2 Qxa3 34.Qxg4 Qc1+ 35.Bd1 Qc3+
36.Ke2 Qb2+ 37.Kd3 e4+ 38.Nxe4 Qd4+ 39.Kc2 Qxc4+ 40.Kb2 Qd4+ 41.Kc2 Qxd5
42.Nc3 Rf2+ 43.Be2 Qf5+ 44.Qxf5 gxf5 45.Kd2 Rf4 46.Ke3 Rxh4 47.Nb5 d5 48.Bf3 Ra4
49.Bxd5+ Kg7 50.Nd6 Rxa5 51.Nxb7 Ra3+ 52.Kf4 Kg6 53.Nd6 Ra1 54.Bc4 Ra4 55.Ke5 Kg5
56.Be6 Ra5 57.Nf7+ Kg6 58.Nd6 c4+ 59.Kd4 Kf6 60.Bxc4 h5 61.Bd3 Ra4+ 62.Ke3 f4+
63.Kf3 Rd4 64.Ne4+ Ke5 65.Nf2 Ra4 66.Be4  1/2-1/2

[Event "7th World Team Championship"]
[Site "Bursa TUR"]
[Date "2010.01.07"]
[Round "3"]
[White "Sasikiran,K"]
[Black "Gashimov,V"]
[Result "1-0"]
[WhiteElo "2653"]
[BlackElo "2759"]

1.d4 Nf6 2.c4 e6 3.Nc3 Bb4 4.Bg5 c5 5.d5 h6 6.Bh4 d6 7.e3 exd5 8.cxd5 Nbd7
9.Bd3 Qa5 10.Ne2 Nxd5 11.O-O Bxc3 12.bxc3 O-O 13.Bc2 Nxc3 14.Nxc3 Qxc3 15.Rc1 Qb4
16.Qd3 g6 17.Be7 Re8 18.Qxd6 a5 19.Bd3 c4 20.Rxc4 Qxd6 21.Bxd6 Ne5 22.Re4 Bf5
23.Rxe5 Bxd3 24.Rd1 Bc4 25.a3 b5 26.h4 g5 27.hxg5 Rxe5 28.Bxe5 hxg5 29.Rd6 Kh7
30.Rc6 Be6 31.Rb6 Rd8 32.Bc3 b4 33.axb4 Rd3 34.Bd4 a4 35.Rb5 Kg6 36.Ra5 a3
37.b5 a2 38.b6 Rb3 39.Kh2 Rb4 40.g4 Rb1 41.f4 gxf4 42.exf4 Bxg4 43.Rg5+ Kh6
44.Rxg4 Rxb6 45.Rg1 Rb4 46.Bc3 Rb3 47.Ba1 f5 48.Bg7+ Kh5 49.Ra1 Kg6 50.Be5 Ra3
51.Kg2 Kf7 52.Kf2 Ke6 53.Rd1 Ra5 54.Ke2 Ra6 55.Ra1 Kd5 56.Kd3 Ra3+ 57.Kc2 Kc4
58.Kb2  1-0

[Event "ch-IND National Teams"]
[Site "Gurgaon IND"]
[Date "2010.02.23"]
[Round "4"]
[White "Sasikiran,K"]
[Black "Roy Chowdhury,S"]
[Result "1/2-1/2"]
[WhiteElo "2653"]
[BlackElo "2413"]

1.d4 Nf6 2.c4 c5 3.d5 e5 4.Nc3 d6 5.e4 Be7 6.g3 Nbd7 7.Bg2 a6 8.a4 h5 9.Nf3 Nf8
10.a5 Ng6 11.h4 b5 12.axb6 Qxb6 13.Ng5 Bg4 14.f3 Bd7 15.Bh3 Nf8 16.Qc2 Bxh3
17.Nxh3 N8d7 18.Nd1 g6 19.Bd2 O-O 20.Ne3 Ne8 21.Ng5 Ng7 22.f4 exf4 23.gxf4 Bf6
24.Bc3 Bd4 25.Rh3 Rae8 26.O-O-O Nf6 27.f5 Bxc3 28.Qxc3 Nxe4 29.Nxe4 Rxe4
30.Rg1 Qd8 31.fxg6 f5 32.Kb1 Rxh4 33.Rf3 Re4 34.Qd2 f4 35.Ng2 Qg5 36.Rgf1 Rd4
37.Qc2 Rf6 38.b3 h4 39.R3f2 h3 40.Ne1 Qxg6 41.Nf3 Rd3 42.Kb2 Re3 43.Rg1 Qxc2+
44.Kxc2 Kf8 45.Ng5 Rf5 46.Nf3 Rf6 47.Ng5 Rf5 48.Nf3 Rh5 49.Nh2 Rh4 50.Nf3 Rh5
51.Nh2  1/2-1/2

[Event "ch-IND National Teams"]
[Site "Gurgaon IND"]
[Date "2010.02.25"]
[Round "6"]
[White "Sasikiran,K"]
[Black "Ramnath,B"]
[Result "1-0"]
[WhiteElo "2653"]
[BlackElo "2382"]

1.d4 Nf6 2.c4 g6 3.Nc3 Bg7 4.e4 d6 5.f3 O-O 6.Bg5 c5 7.d5 h6 8.Be3 e6 9.Qd2 exd5
10.cxd5 a6 11.a4 Re8 12.Nge2 Nbd7 13.Nd1 Ne5 14.Nec3 Nh7 15.Nf2 g5 16.Be2 f5
17.exf5 Bxf5 18.O-O Ng6 19.Rae1 Nf6 20.Kh1 Qb6 21.Bd3 Bxd3 22.Qxd3 Ne5 23.Qc2 Qb4
24.Bc1 Qh4 25.Nce4 Nxe4 26.Nxe4 Rad8 27.a5 Qh5 28.Bd2 Qf7 29.Rd1 Ng6 30.Bc3 Be5
31.g3 Bxc3 32.bxc3 Re5 33.c4 Rf5 34.Kg2 Ne5 35.Qc3 Qe7 36.Rde1 Rdf8 37.Nd2 Qf6
38.Rb1 Rf7 39.Rb3 Qe7 40.Re1 Qd8 41.Re3 Qf8 42.Qb2 Qe7 43.Rb6 h5 44.Qc3 Rf8
45.h3 R8f7 46.g4 hxg4 47.hxg4 Rf4 48.Rxd6 Qxd6 49.Rxe5 Qf6 50.Qe3 Rg7 51.Re8+ Kh7
52.Ne4 Qd4 53.Qe1 Kg6 54.Qb1 Rh7 55.Nd6+ Kg7 56.Qxb7+ Kg6 57.Qb1+ Kg7 58.Re7+ Kf8
59.Rxh7 Rxg4+ 60.Kh1 Rh4+ 61.Rxh4  1-0

[Event "14th HZ Open"]
[Site "Vlissingen NED"]
[Date "2010.08.10"]
[Round "5"]
[White "Zelbel,P"]
[Black "Sasikiran,K"]
[Result "0-1"]
[WhiteElo "2345"]
[BlackElo "2679"]

1.e4 c6 2.d4 d5 3.Nc3 dxe4 4.Nxe4 Nd7 5.Nf3 Ngf6 6.Nxf6+ Nxf6 7.h3 Bf5 8.Bd3 Bg6
9.Bxg6 hxg6 10.O-O e6 11.Qe2 Bd6 12.Rd1 Qc7 13.c4 O-O 14.Be3 Rfe8 15.Rac1 b6
16.c5 Bf8 17.cxb6 axb6 18.Ne5 Rxa2 19.Rxc6 Qb7 20.Qb5 Rb8 21.Qb3 Ra6 22.Rdc1 Nd5
23.Nd3 Rba8 24.Nf4 Ra1 25.Rxa1 Rxa1+ 26.Rc1 Rxc1+ 27.Bxc1 Qc7 28.Nd3 Qc6
29.Bd2 Bd6 30.g3 Kh7 31.Bf4 Bxf4 32.Nxf4 Nxf4 33.gxf4 Qd6 34.Qe3 Qb4 35.b3 Kg8
36.Kg2 Qb5 37.Kg1 Qd5 38.Kh2 Kf8 39.Qc3 Qd6 40.Kg2 Ke7 41.Qe3 Kd7 42.Kg1 Qd5
43.Qc3 Qe4 44.Qb4 Qc6 45.Qa3 Qc7 46.Qa4+ Ke7 47.Qb4+ Qd6 48.Qd2 Kd7 49.Qe3 Qc6
50.Kh2 Qc2 51.d5 Qf5 52.dxe6+ Qxe6 53.Qc3 Qd6 54.Qc4 Qe6 55.Qc3 Qd5 56.Kg3 Qd1
57.Kg2 Qd5+ 58.Kg3 f6 59.Qe3 Kc6 60.Qc3+ Kb5 61.Qe3 Qc5 62.Qd3+ Kb4 63.Qxg6 Qc7
64.Qb1 b5 65.f3 Qc5 66.Qd3 Ka3 67.Kg4 b4 68.Qa6+ Kxb3 69.Qd3+ Qc3 70.Qd1+ Ka3
71.Qd7 b3 72.Qxg7 f5+  0-1

[Event "14th HZ Open"]
[Site "Vlissingen NED"]
[Date "2010.08.13"]
[Round "8"]
[White "Sasikiran,K"]
[Black "Ikonnikov,Vy"]
[Result "1-0"]
[WhiteElo "2679"]
[BlackElo "2578"]

1.d4 Nf6 2.c4 e6 3.g3 Bb4+ 4.Bd2 Be7 5.Bg2 d5 6.Nf3 O-O 7.O-O c6 8.Qc2 b6
9.Rd1 Ba6 10.b3 Nbd7 11.a4 Ne4 12.Be1 f5 13.Nc3 Bd6 14.a5 Qe7 15.Ra2 Nxc3
16.Bxc3 b5 17.c5 Bc7 18.Ne1 Rf6 19.Nd3 Raf8 20.Qc1 Bc8 21.Nb4 Nb8 22.Bd2 h6
23.Bf4 g5 24.Bxc7 Qxc7 25.e3 Bd7 26.f3 Be8 27.e4 f4 28.e5 Rg6 29.Nd3 fxg3
30.hxg3 Rg7 31.Qe3 Bg6 32.Bh3 Bf5 33.Bxf5 Rxf5 34.Rh2 Qf7 35.Kg2 Qg6 36.Rdh1 Rh7
37.Nf2 Nd7 38.Rh5 g4 39.fxg4 Rg5 40.R1h4 Nf8 41.Rh1 Kf7 42.Rxg5 hxg5 43.Rh5 Rg7
44.a6 Nh7 45.Qf3+ Kg8 46.Qd3 Kf7 47.Qc3 Kg8 48.Qe3 Rf7 49.Nd3 Kg7 50.Rh1 Nf8
51.Nb4 Rc7 52.Rf1 Nh7 53.Qd3 Qxd3 54.Nxd3 Rc8 55.Nb4 Rc7 56.Rf3 Rc8 57.Kf2 Rc7
58.Ke3 Rc8 59.Kd2 Rc7 60.Kc3 Rc8 61.Nd3 Rc7 62.Kb4 Rf7 63.Re3 Kf8 64.Re1 Rf3
65.Rh1 Kg7 66.Kc3 Rxg3 67.Kd2 Rg2+ 68.Kc3 Rg3 69.Kc2 Rg2+ 70.Kb1 Rxg4 71.Nb4 Rxd4
72.Nxc6 Rd3 73.Kc2 Rf3 74.Nxa7 Rf2+ 75.Kb1 Rf3 76.c6 Rxb3+ 77.Kc2 Rb4 78.Ra1 Rc4+
79.Kb3 Nf8 80.Nxb5 Rxc6 81.a7 Rc8 82.a8=Q Rxa8 83.Rxa8 Ng6 84.Re8 Nf4 85.Nd4 Kf7
86.Rh8 Nd3 87.Rh7+ Kg6 88.Re7 Nf4 89.Nxe6 Kf5 90.Nxf4 gxf4 91.e6 Kf6 92.Rf7+  1-0

[Event "16th Asian Games Team Men"]
[Site "Guangzhou CHN"]
[Date "2010.11.18"]
[Round "1"]
[White "Sasikiran,K"]
[Black "Samakov,N"]
[Result "1/2-1/2"]
[WhiteElo "2688"]
[BlackElo "2380"]

1.d4 Nf6 2.c4 g6 3.g3 Bg7 4.Bg2 O-O 5.Nc3 d6 6.Nf3 Nc6 7.O-O a6 8.Qd3 e5
9.dxe5 Nxe5 10.Nxe5 dxe5 11.Qxd8 Rxd8 12.Bg5 Re8 13.Nd5 Nxd5 14.cxd5 Bg4
15.Rfc1 Rac8 16.Rc2 f6 17.Be3 Bf8 18.Rac1 Bd6 19.Bc5 Kf7 20.f3 Bd7 21.b4 Ke7
22.e4 b6 23.Be3 Kd8 24.Rb1 Ra8 25.h4 Rf8 26.Kh2 f5 27.Bh3 fxe4 28.fxe4 Bxh3
29.Kxh3 Kd7 30.Kg2 a5 31.b5 a4 32.Bd2 a3 33.Bb4 Ra4 34.Bxd6 Kxd6 35.Rc6+ Kd7
36.Rbc1 Ra7 37.R1c3 Rf7 38.R3c4 Kd8 39.Re6 Ra5 40.Rb4 Re7 41.Rf6 Ke8 42.Rc6 Rf7
43.d6 cxd6 44.Rxb6 Rc7 45.Rxd6 Rc2+ 46.Kh3 Rxa2 47.Rd3 Rc2 48.b6 Rc8 49.Rd5 Rxd5
50.exd5 Kd7 51.Ra4 Rb8 52.Rxa3 Rxb6 53.Ra7+ Kd6 54.Rxh7 Kxd5 55.Kg4 e4 56.Rd7+ Ke5
57.Re7+ Kd4 58.Kf4 Rf6+ 59.Kg5 Rd6 60.Kf4 Rf6+ 61.Kg5 Rd6 62.g4 e3 63.h5 gxh5
64.gxh5 Kd3 65.h6 e2 66.h7 Rd8 67.Kg6 Kd2 68.Kg7 e1=Q 69.Rxe1 Kxe1 70.h8=Q Rxh8
71.Kxh8  1/2-1/2

[Event "16th Asian Games Team Men"]
[Site "Guangzhou CHN"]
[Date "2010.11.19"]
[Round "2"]
[White "Filippov,An UZB"]
[Black "Sasikiran,K"]
[Result "0-1"]
[WhiteElo "2620"]
[BlackElo "2688"]

1.e4 c5 2.Nf3 d6 3.d4 cxd4 4.Nxd4 Nf6 5.Nc3 a6 6.Bg5 e6 7.f4 Nbd7 8.Qf3 Qc7
9.O-O-O b5 10.Bxb5 axb5 11.Ndxb5 Qb8 12.e5 Ra5 13.Qc6 Bb7 14.Qc7 Qxc7 15.Nxc7+ Kd8
16.N7b5 h6 17.Bh4 dxe5 18.fxe5 g5 19.exf6 gxh4 20.Rd3 Bc6 21.a4 h3 22.Nd4 hxg2
23.Nxc6+ Kc7 24.Rg1 Kxc6 25.Rxg2 Rf5 26.Nb5 Rf1+ 27.Kd2 Ne5 28.Rc3+ Kb6 29.Ke2 Rf4
30.Rc8 Rxa4 31.Rb8+ Kc6 32.Rg3 Re4+ 33.Kf1 Re1+ 34.Kg2 Rg1+ 35.Kh3 Rxg3+
36.hxg3 Bg7 37.Nd4+ Kc7 38.Rb3 Bxf6 39.Ra3 Nc6  0-1